| 000 | 01305cam a22003374a 4500 | ||
|---|---|---|---|
| 001 | 13917132 | ||
| 003 | PILC | ||
| 005 | 20150112093447.0 | ||
| 008 | 050331s2007 njua b 001 0 eng | ||
| 010 | _a 2005009306 | ||
| 020 | _a0471657484 | ||
| 035 | _a(OCoLC)ocm58843025 | ||
| 040 |
_aDLC _cDLC _dYDX _dBAKER _dDLC |
||
| 042 | _apcc | ||
| 050 | 0 | 0 |
_aTX 911.3.P4 _b.M55 2007 |
| 082 | 0 | 0 |
_aR 647.940683 _bM61 2007 |
| 100 | 1 |
_aMiller, Jack E. _d1930- _928613 |
|
| 245 | 1 | 0 |
_aSupervision in the hospitality industry / _cJack E. Miller ... [et,al.] |
| 250 | _a4th ed. | ||
| 260 |
_aHoboken, N.J. : _bWiley, _c2007. |
||
| 300 |
_a522 pages : _bill. ; _c25 cm. |
||
| 500 | _aIncludes bibliographical references and index. | ||
| 650 | 0 |
_aHospitality industry _xPersonnel management. _928614 |
|
| 700 | 1 |
_aWalker, John R., _d1944- _928615 |
|
| 700 | 1 |
_aDrummond, Karen Eich. _928616 |
|
| 856 | 4 | 1 |
_3Table of contents _uhttp://www.loc.gov/catdir/toc/ecip0510/2005009306.html |
| 856 | 4 | 2 |
_3Publisher description _uhttp://www.loc.gov/catdir/enhancements/fy0622/2005009306-d.html |
| 906 |
_a7 _bcbc _corignew _d1 _eecip _f20 _gy-gencatlg |
||
| 942 |
_2lcc _cBK |
||
| 999 |
_c14950 _d14950 |
||